Logic and computer design fundamentals / (Record no. 3902)

MARC details
000 -LEADER
fixed length control field 01120nam a2200337 4500
001 - CONTROL NUMBER
control field 13332773
005 - DATE AND TIME OF LATEST TRANSACTION
control field 20260202084631.0
006 - FIXED-LENGTH DATA ELEMENTS--ADDITIONAL MATERIAL CHARACTERISTICS--GENERAL INFORMATION
fixed length control field 000
007 - PHYSICAL DESCRIPTION FIXED FIELD--GENERAL INFORMATION
fixed length control field 000
008 - FIXED-LENGTH DATA ELEMENTS--GENERAL INFORMATION
fixed length control field 000
010 ## - LIBRARY OF CONGRESS CONTROL NUMBER
LC control number 2003062369
020 ## - INTERNATIONAL STANDARD BOOK NUMBER
International Standard Book Number 013140539X
International Standard Book Number 0131911651
040 ## - CATALOGING SOURCE
Original cataloging agency UOEL
Transcribing agency DLC
Modifying agency DLC
042 ## - AUTHENTICATION CODE
Authentication code pcc
050 00 - LIBRARY OF CONGRESS CALL NUMBER
Classification number TK7888.4
Item number .M36 2004
082 00 - DEWEY DECIMAL CLASSIFICATION NUMBER
Classification number 621.39/5
Edition number 22
100 1# - MAIN ENTRY--PERSONAL NAME
Personal name Mano, M. Morris,
Dates associated with a name 1927-
245 10 - TITLE STATEMENT
Title Logic and computer design fundamentals /
Statement of responsibility, etc M. Morris Mano, Charles R. Kime.
250 ## - EDITION STATEMENT
Edition statement 3rd ed., updated
260 ## - PUBLICATION, DISTRIBUTION, ETC. (IMPRINT)
Place of publication, distribution, etc Upper Saddle River, NJ :
Name of publisher, distributor, etc Pearson/Prentice Hall,
Date of publication, distribution, etc c2004.
300 ## - PHYSICAL DESCRIPTION
Extent xvi, 656 p. :
Other physical details ill. ;
Dimensions 24 cm.
504 ## - BIBLIOGRAPHY, ETC. NOTE
Bibliography, etc Includes bibliographical references and index.
650 #0 - SUBJECT ADDED ENTRY--TOPICAL TERM
Topical term or geographic name as entry element Electronic digital computers
General subdivision Electrical engineering ,Electronics. Nuclear engineering.
Topical term or geographic name as entry element Logic circuits.
Topical term or geographic name as entry element Logic design.
700 1# - ADDED ENTRY--PERSONAL NAME
Personal name Kime, Charles R.
906 ## - LOCAL DATA ELEMENT F, LDF (RLIN)
a 7
b cbc
c orignew
d 1
e ocip
f 20
g y-gencatlg
942 ## - ADDED ENTRY ELEMENTS (KOHA)
Source of classification or shelving scheme Library of Congress Classification
Item type BOOK
Holdings
Withdrawn status Lost status Source of classification or shelving scheme Damaged status Not for loan Home library Current library Shelving location Date acquired Total Checkouts Full call number Barcode Date last seen Copy number Price effective from Koha item type
    Library of Congress Classification     UOE Main Library UOE Main Library Open shelf 07/04/2015   TK7888.4 .M36 2004 20141698 07/04/2015 20141698 07/04/2015 Loan - Normal on open shelf
    Library of Congress Classification     UOE Main Library UOE Main Library Open shelf 08/04/2015   TK7888.4 .M36 2004 20043764 08/04/2015 20043764 08/04/2015 Loan - Normal on open shelf
    Library of Congress Classification     UOE Main Library UOE Main Library Open shelf 02/02/2026   TK7888.4 .M36 2004 20043763 02/02/2026 20043763 02/02/2026 Loan - Normal on open shelf